Sanat - "Lentäjän poika" - Edu Kettunen - Statistics

Yleistilastot
  • Tätä visaa on pelattu 154 kertaa
  • Keskiarvotulos 58 / 103
Vastaustilastot
Vastaus % Oikein
KERTOSÄE
100%
lentäjän
99%
Minä
99%
minä
99%
olin
99%
itsekkin
97%
poika
96%
sankari
95%
siis
93%
kuin
92%
vielä
92%
korkeammalle
91%
lähes
91%
isäänikin
90%
paremmin
90%
lentäisin
89%
muut
89%
kiitotien
79%
ja
75%
istuin
73%
päähän
72%
jäin
68%
ihmettä
64%
katselemaan
60%
kone
58%
kun
58%
tehty
54%
lapsista
53%
luusta
53%
moottoreitaan
53%
nöyrin
53%
näin
51%
nöyristä
51%
se
49%
katkuisen
48%
kerosiinin
48%
kaunis
46%
villiä
45%
voimaa
45%
ihailin
43%
odottamaan
43%
unen
43%
historiaa
41%
ilmailun
41%
matkaan
41%
seuraavaa
41%
moottorit
40%
kohti
39%
ampuivat
38%
varjoon
38%
ylöspäin
38%
läpi
37%
nukahdin
37%
pilvien
37%
huimapäisen
36%
päässä
36%
hallien
35%
sankarin
33%
on
30%
peiton
30%
yllytti
30%
syöksyvän
28%
reikä
26%
varman
26%
taivaassa
25%
maan
23%
mahdottomaan
23%
otteesta
23%
ovi
23%
irtosi
22%
miltei
22%
auringon
20%
niin
20%
kulta
18%
siivillä
18%
tuulee
18%
jetin
15%
Lentokenttien
15%
aavoilla
14%
aution
14%
ulapalla
14%
kuohui
12%
Ehtoja vastaavia visoja ei löytynyt
Tulosjakauma
Jokaisen tuloksen saaneiden osuus
Persentiili vastausten määrän mukaan
Tuloshistoriasi
Et ole pelannut tätä visaa